Score 0/13 Timer 05:00
2 Plays Today
Capital % Correct
Cape Town
88.8%
Pretoria
88.8%
La Paz
86.5%
Colombo
67%
Sucre
55.6%
Jerusalem
55.3%
Dar Es Salaam
50.4%
Ramallah
50.1%
Dodoma
48.3%
Bloemfontein
46%
Mbabane
41.1%
Sri Jayawardenepura Kotte
32%
Lobamba
8%

You're not logged in!

Compare scores with friends on all Sporcle quizzes.
OR
Log In

Sporcle TV

Today on Sporcle TV


Watch our educational content, quiz creation guides, and fun videos on Sporcle TV.

Show Comments

Extras

Top Quizzes Today


Score Distribution

Paid Content

Your Account Isn't Verified!

In order to create a playlist on Sporcle, you need to verify the email address you used during registration. Go to your Sporcle Settings to finish the process.

Report this User

Report this user for behavior that violates our Community Guidelines.

Details: